Gaming Quiz

Random Gaming or Console Quiz

Nintendo 64 Games by Image Quiz Stats

 Plays Quiz Updated Aug 30, 2018

Score 0/20 Timer 06:00
1 Play Today
% Correct
The Legend of Zelda: Ocarina of Time
95.5%
Super Mario 64
94%
Mario Kart 64
88.8%
GoldenEye 007
87.7%
FIFA: Road to World Cup 98
79.7%
Madden NFL 2000
79.2%
Mario Tennis
77.3%
Tony Hawk's Pro Skater
76%
Super Smash Bros.
74.9%
Star Wars: Rogue Squadron
71.5%
% Correct
Star Fox 64
66.5%
Paperboy 64
66%
Diddy Kong Racing
63.1%
Pokémon Stadium
56.7%
Conker's Bad Fur Day
42.5%
Kirby 64: The Crystal Shards
39.6%
1080° Snowboarding
34.4%
Wave Race 64
33.1%
Yoshi's Story
30.2%
Cruis'n USA
26%

You're not logged in!

Compare scores with friends on all Sporcle quizzes.
OR
Log In

Show Comments

Extras

Top Quizzes Today


Score Distribution

Your Account Isn't Verified!

In order to create a playlist on Sporcle, you need to verify the email address you used during registration. Go to your Sporcle Settings to finish the process.

Report this User

Report this user for behavior that violates our Community Guidelines.

Details: